Convex optimization / (Record no. 1354)

MARC details
000 -LEADER
fixed length control field 00957nac a22002531u 4500
010 ## -
-- 2003063284
020 ## - INTERNATIONAL STANDARD BOOK NUMBER
International Standard Book Number 0521833787
082 00 - DEWEY DECIMAL CLASSIFICATION NUMBER
Classification number 519.6
Item number B7894
090 ## - LOCALLY ASSIGNED LC-TYPE CALL NUMBER (OCLC); LOCAL CALL NUMBER (OCLC)
-- 1354
-- 1354
100 ## - MAIN ENTRY--PERSONAL NAME
Personal name Boyd, Stephen P.
245 10 - TITLE STATEMENT
Title Convex optimization /
Statement of responsibility, etc Stephen Boyd, Lieven Vandenberghe.
260 ## -
-- Cambridge, UK ;
-- New York :
-- Cambridge University Press,
-- 2004.
300 ## - PHYSICAL DESCRIPTION
Extent xiii, 716 p. :
Other physical details ill. ;
Dimensions 26 cm.
336 ## - CONTENT TYPE
Source rdacontent
Content type term text
Content type code txt
337 ## - MEDIA TYPE
Media type term unmediated
Source rdamedia
Media type code n
338 ## - CARRIER TYPE
Carrier type term volume
Carrier type code nc
Source rdacarrier
504 ## - BIBLIOGRAPHY, ETC. NOTE
Bibliography, etc Includes bibliographical references (p. [685]-696) and index.
650 #0 - SUBJECT ADDED ENTRY--TOPICAL TERM
Topical term or geographic name as entry element Mathematical optimization.
650 #0 - SUBJECT ADDED ENTRY--TOPICAL TERM
Topical term or geographic name as entry element Convex functions.
700 1# - ADDED ENTRY--PERSONAL NAME
Personal name Vandenberghe, Lieven.
856 42 - ELECTRONIC LOCATION AND ACCESS
Materials specified Publisher description
Uniform Resource Identifier <a href="http://www.loc.gov/catdir/description/cam041/2003063284.html">http://www.loc.gov/catdir/description/cam041/2003063284.html</a>
856 42 - ELECTRONIC LOCATION AND ACCESS
Materials specified Table of contents
Uniform Resource Identifier <a href="http://www.loc.gov/catdir/toc/cam041/2003063284.html">http://www.loc.gov/catdir/toc/cam041/2003063284.html</a>
942 ## - ADDED ENTRY ELEMENTS (KOHA)
Koha item type Book - Borrowing
Call number prefix 519.6B7894
Classification part RDA-MOD
Holdings
Withdrawn status Lost status Source of classification or shelving scheme Damaged status Not for loan Collection code Home library Current library Shelving location Date acquired Source of acquisition Cost, normal purchase price Total Checkouts Total Renewals Full call number Barcode Checked out Date last seen Date checked out Cost, replacement price Price effective from Koha item type
    Dewey Decimal Classification       Central Library Central Library First floor 04/09/2006   435.00 4 12 519.6 BOY 000003107 13/11/2024 30/07/2023 30/07/2023 543.75 04/09/2006 Book - Borrowing